MARC

LEADER 00000nam0a2200000 4500
001 45515
005 20231031023930.0
010 |a 5238003145 
035 |a (RuTPU)RU\TPU\book\47381 
090 |a 45515 
100 |a 20021210d2001 m y0rusy50 ca 
101 0 |a rus 
102 |a RU 
105 |a y j 001zy 
200 1 |a Предпринимательство  |e учебник  |f Под ред. В. Я. Горфинкеля, Г. Б. Поляка, В. А. Швандара 
205 |a 3-е изд., перераб. и доп. 
210 |a Москва  |c ЮНИТИ-ДАНА  |d 2001 
215 |a 581 с. 
320 |a Библиогр.: с. 572-581 
451 1 |0 (RuTPU)RU\TPU\book\118574  |y 5-238-00959-3  |t Предпринимательство  |o учебник  |f Под ред. В. Я. Горфинкеля, Г. Б. Поляка, В. А. Швандара  |e 4-е изд., перераб. и доп.  |c М.  |n ЮНИТИ-ДАНА  |d 2007  |p 735 с. 
451 1 |0 (RuTPU)RU\TPU\book\10983  |y 523800057-X  |t Предпринимательство  |o учебник  |f Под ред. В. Я. Горфинкеля, Г. Б. Поляка, В. А. Швандара  |c М.  |n Банки и биржи  |n ЮНИТИ  |d 1999  |p 475 с. 
610 1 |a экономика 
610 1 |a предпринимательство 
610 1 |a бизнес 
610 1 |a управление 
610 1 |a менеджмент 
610 1 |a консалтинг 
610 1 |a малые предприятия 
610 1 |a предприятия 
610 1 |a фирмы 
610 1 |a прибыль 
610 1 |a конкуренция 
610 1 |a ценные бумаги 
610 1 |a культура 
610 1 |a этика 
610 1 |a инновации 
610 1 |a маркетинг 
610 1 |a снабжение 
610 1 |a логистика 
610 1 |a финансы 
610 1 |a оценка 
610 1 |a кредитные организации 
610 1 |a ценовая политика 
610 1 |a бухгалтерский учет 
610 1 |a налогообложение 
610 1 |a предпринимательское право 
610 1 |a учебники 
686 |a У012.12я73  |v LBC/SL-A  |2 rubbk 
702 1 |a Горфинкель  |b В. Я.  |4 340 
702 1 |a Поляк  |b Г. Б.  |4 340 
702 1 |a Швандар  |b В. А.  |4 340 
801 1 |a RU  |b 63413507  |c 20021210  |g PSBO 
801 2 |a RU  |b 63413507  |c 20120209  |g PSBO 
900 |a Предпринимательство 
900 |a Профессиональная этика и этикет 
942 |c BK 
954 |a 522000  |b 080000